[Event "Titled Tuesday intern op 06th Feb Early"]
[Site "Chess.com INT"]
[Date "2024.02.06"]
[Round "7"]
[White "Kourkoulos Arditis, Stamatis"]
[Black "Perea Fruet, Lorenzo"]
[Result "1-0"]
[WhiteElo "2556"]
[BlackElo "2311"]
[PlyCount "87"]
[EventDate "2024.02.06"]
[EventType "swiss (blitz)"]
[EventRounds "11"]
[EventCountry "USA"]
[SourceTitle "CB07_2024"]
[SourceDate "2024.02.14"]
[SourceVersion "1"]
[SourceVersionDate "2024.02.14"]
[SourceQuality "1"]

1. e4 b6 2. d4 Bb7 3. Bd3 e6 4. Nf3 Nf6 5. Nbd2 d5 6. e5 Ne4 7. 0-0 Nxd2 8. Bxd2 Ba6 9. Bxa6 Nxa6 10. c3 Qd7 11. a4 c5 12. a5 b5 13. Ng5 h6 14. Nh3 g6 15. Kh1 Rc8 16. Qe2 Qc6 17. Rac1 Be7 18. b4 c4 19. Be3 Qd7 20. Qd2 h5 21. Bg5 Bxg5 22. Nxg5 Qe7 23. h4 Nb8 24. Rfe1 Nc6 25. Re3 0-0 26. Rce1 Qe8 27. Rf3 Ne7 28. Rf6 Kg7 29. f3 Ng8 30. Rf4 Ne7 31. g4 hxg4 32. fxg4 Nc6 33. Kg2 Nd8 34. Rh1 Qe7 35. Rf6 Rh8 36. h5 Rc7 37. Qf4 Qe8 38. h6+ Kg8 39. h7+ Kg7 40. Rxg6+ Kf8 41. Rg8+ Rxg8 42. hxg8Q+ Kxg8 43. Qf6 Qf8 44. Rh8# 1-0

[Event "Titled Tuesday intern op 06th Feb Early"]
[Site "Chess.com INT"]
[Date "2024.02.06"]
[Round "1"]
[White "Perea Fruet, Lorenzo"]
[Black "Sanchez Manzanares, Jorge Luis"]
[Result "1-0"]
[WhiteElo "2311"]
[BlackElo "1969"]
[PlyCount "79"]
[EventDate "2024.02.06"]
[EventType "swiss (blitz)"]
[EventRounds "11"]
[EventCountry "USA"]
[SourceTitle "CB07_2024"]
[SourceDate "2024.02.14"]
[SourceVersion "1"]
[SourceVersionDate "2024.02.14"]
[SourceQuality "1"]

1. f4 c6 2. Nf3 d5 3. d3 Nf6 4. g3 e6 5. Bg2 Be7 6. 0-0 0-0 7. h3 Nbd7 8. Nbd2 Re8 9. e4 dxe4 10. dxe4 Nc5 11. e5 Nfe4 12. Nxe4 Nxe4 13. Qe1 Qb6+ 14. Kh2 f5 15. exf6 Nxf6 16. b3 Bc5 17. Bb2 Nd5 18. Qe5 Qc7 19. Qxc7 Nxc7 20. c4 h6 21. Rad1 a5 22. a3 b5 23. Ne5 Bb7 24. Nxc6 bxc4 25. Rd7 Bxc6 26. Bxc6 Nd5 27. Bxa8 Rxa8 28. bxc4 Ne3 29. Rxg7+ Kf8 30. Re1 Rb8 31. Re2 Rxb2 32. Rxb2 Kxg7 33. Rb5 Bxa3 34. Rxa5 Bc1 35. c5 Nd5 36. c6 Kf6 37. Rxd5 exd5 38. c7 Ke6 39. c8Q+ Kd6 40. Qxc1 1-0

[Event "ESP-chT Rapid"]
[Site "Ubeda"]
[Date "2023.09.23"]
[Round "2.2"]
[White "Cheparinov, Ivan"]
[Black "Perea Fruet, Lorenzo"]
[Result "1-0"]
[WhiteElo "2654"]
[BlackElo "2278"]
[PlyCount "61"]
[EventDate "2023.09.23"]
[EventType "team-swiss (rapid)"]
[EventRounds "9"]
[EventCountry "ESP"]
[SourceTitle "EXT 2024"]
[Source "ChessBase"]
[SourceDate "2023.10.10"]
[SourceVersion "1"]
[SourceVersionDate "2023.10.10"]
[SourceQuality "1"]
[WhiteTeam "Extremadura Magic"]
[BlackTeam "El Caballo"]
[WhiteTeamCountry "ESP"]
[BlackTeamCountry "ESP"]

1. e4 c5 2. Nf3 e6 3. c3 Nf6 4. e5 Nd5 5. d4 cxd4 6. cxd4 Nc6 7. Bc4 d6 8. 0-0 Be7 9. Qe2 0-0 10. Nc3 Nxc3 11. bxc3 Bd7 12. Bd3 d5 13. Bc2 f5 14. exf6 Bxf6 15. Qd3 g6 16. g3 Kh8 17. h4 e5 18. dxe5 Bf5 19. Qe2 Bxc2 20. Qxc2 Nxe5 21. Nxe5 Bxe5 22. Bh6 Rf3 23. Qe2 Qf6 24. Rae1 Re8 25. Kg2 Rxc3 26. Bf4 Qc6 27. Bxe5+ Kg8 28. Qd2 Rc2 29. Qh6 d4+ 30. Kg1 Qd7 31. Bxd4 1-0

[Event "ESP-chT Rapid"]
[Site "Ubeda"]
[Date "2023.09.23"]
[Round "5.3"]
[White "Perea Fruet, Lorenzo"]
[Black "Alekseenko, Kirill"]
[Result "1-0"]
[WhiteElo "2278"]
[BlackElo "2675"]
[PlyCount "27"]
[EventDate "2023.09.23"]
[EventType "team-swiss (rapid)"]
[EventRounds "9"]
[EventCountry "ESP"]
[SourceTitle "EXT 2024"]
[Source "ChessBase"]
[SourceDate "2023.10.10"]
[SourceVersion "1"]
[SourceVersionDate "2023.10.10"]
[SourceQuality "1"]
[WhiteTeam "El Caballo"]
[BlackTeam "Silla Integrant"]
[WhiteTeamCountry "ESP"]
[BlackTeamCountry "ESP"]

1. d4 d5 2. Nc3 c6 3. Bf4 Bf5 4. e3 e6 5. f3 Nf6 6. g4 Bg6 7. h4 h5 8. g5 Nfd7 9. Bd3 Bxd3 10. Qxd3 Nb6 11. Nge2 Na6 12. 0-0-0 Qe7 13. b3 0-0-0 14. Kb1 1-0

[Event "ESP-ch U18"]
[Site "Salobrena"]
[Date "2023.08.02"]
[Round "5"]
[White "Perea Fruet, Lorenzo"]
[Black "Perez Bolanos, David"]
[Result "1-0"]
[WhiteElo "2251"]
[BlackElo "2071"]
[PlyCount "39"]
[EventDate "2023.07.31"]
[EventType "swiss"]
[EventRounds "9"]
[EventCountry "ESP"]
[SourceTitle "CBM 215 Extra"]
[Source "ChessBase"]
[SourceDate "2023.09.30"]
[SourceVersion "1"]
[SourceVersionDate "2023.09.30"]
[SourceQuality "1"]

1. e4 e5 2. Nf3 Nc6 3. Bb5 a6 4. Ba4 Nf6 5. d3 b5 6. Bb3 Bc5 7. Nc3 h6 8. Nd5 d6 9. c3 0-0 10. Nxf6+ Qxf6 11. Bd5 Bd7 12. Rg1 h5 13. h3 Qe7 14. g4 hxg4 15. hxg4 Qe8 16. Ng5 g6 17. Qf3 Kg7 18. Rh1 Rh8 19. Rxh8 Kxh8 20. Qf6+ 1-0

[Event "ESP-ch U16 rapid"]
[Site "Salobrena"]
[Date "2023.07.29"]
[Round "2"]
[White "Perea Fruet, Lorenzo"]
[Black "Morales Carmona, Jose Manuel"]
[Result "1-0"]
[WhiteElo "2266"]
[BlackElo "1804"]
[PlyCount "59"]
[EventDate "2023.07.29"]
[EventType "swiss (rapid)"]
[EventRounds "9"]
[EventCountry "ESP"]
[SourceTitle "EXT 2024"]
[Source "ChessBase"]
[SourceDate "2023.10.10"]
[SourceVersion "1"]
[SourceVersionDate "2023.10.10"]
[SourceQuality "1"]

1. e4 c5 2. Nf3 e6 3. d4 cxd4 4. Nxd4 a6 5. c4 Nc6 6. Nc3 Be7 7. Be3 d6 8. Be2 Nf6 9. f3 0-0 10. 0-0 Qc7 11. Rc1 b6 12. Nd5 exd5 13. cxd5 Bd7 14. Nxc6 Bxc6 15. Rxc6 Qd7 16. Qb3 b5 17. Rfc1 Bd8 18. Qa3 Ne8 19. Rxa6 Rxa6 20. Qxa6 Nc7 21. Qc6 Qe7 22. Bb6 f5 23. Bxc7 fxe4 24. Bxd6 Qg5 25. Bxf8 exf3 26. Bxf3 Qe3+ 27. Kh1 Kxf8 28. Qd6+ Be7 29. Rc8+ Kf7 30. Qe6+ 1-0

[Event "Benalmadena Rapid op 1st"]
[Site "Benalmadena"]
[Date "2023.02.26"]
[Round "9"]
[White "Perea Fruet, Lorenzo"]
[Black "Terron Elena, Francisco Miguel"]
[Result "1-0"]
[WhiteElo "2229"]
[BlackElo "2168"]
[PlyCount "49"]
[EventDate "2023.02.25"]
[EventType "swiss (rapid)"]
[EventRounds "9"]
[EventCountry "ESP"]
[SourceTitle "CBM 212 Extra"]
[Source "ChessBase"]
[SourceDate "2023.03.31"]
[SourceVersion "1"]
[SourceVersionDate "2023.03.31"]
[SourceQuality "1"]

1. d4 d6 2. e4 Nf6 3. Nc3 Nbd7 4. Nf3 e5 5. Bc4 Be7 6. 0-0 0-0 7. h3 c6 8. a4 b6 9. Be3 Bb7 10. Ba2 a6 11. Bg5 Qc7 12. Nh4 Rfe8 13. Nf5 Bf8 14. d5 cxd5 15. Nxd5 Nxd5 16. Bxd5 Bxd5 17. Qxd5 h6 18. Bh4 Qxc2 19. Rfc1 Qxb2 20. Rab1 Qe2 21. Ng3 Qa2 22. Nf5 Qa3 23. Ra1 Qb4 24. Rc7 Qa3 25. Rcc1 1-0

[Event "Madrid Alcorcon op 1st"]
[Site "Madrid"]
[Date "2022.12.28"]
[Round "5"]
[White "Perea Fruet, Lorenzo"]
[Black "Plazuelo Pascual, Juan"]
[Result "0-1"]
[WhiteElo "2182"]
[BlackElo "2445"]
[PlyCount "80"]
[EventDate "2022.12.26"]
[EventType "swiss"]
[EventRounds "9"]
[EventCountry "ESP"]
[SourceTitle "CBM 212 Extra"]
[Source "ChessBase"]
[SourceDate "2023.03.31"]
[SourceVersion "1"]
[SourceVersionDate "2023.03.31"]
[SourceQuality "1"]

1. d4 d5 2. Nc3 Nf6 3. Bf4 a6 4. e3 b5 5. h4 h6 6. f3 c5 7. g4 Nc6 8. Nge2 e6 9. Bg2 Bb7 10. Qd2 Nd7 11. Kf1 Rc8 12. Nd1 e5 13. Bg3 Qf6 14. Nf2 Nb6 15. b3 Bd6 16. Re1 Kf8 17. c3 Re8 18. f4 exd4 19. exd4 Bc8 20. Bf3 b4 21. Kg2 bxc3 22. Qxc3 c4 23. g5 Qd8 24. Nc1 Rxe1 25. Qxe1 Nxd4 26. Qc3 Nf5 27. bxc4 Nxc4 28. gxh6 Nce3+ 29. Kh2 Rxh6 30. h5 Nxg3 31. Qxe3 Nxh1 32. Kxh1 Qh4+ 33. Kg2 Qxf4 34. Qb6 Qg5+ 35. Kh1 Qxc1+ 36. Kg2 Qg5+ 37. Kh1 Re6 38. Qa5 Re8 39. h6 Qh4+ 40. Kg2 Qh2+ 0-1

[Event "Malaga op 16th"]
[Site "Malaga"]
[Date "2022.10.31"]
[Round "8"]
[White "Perea Fruet, Lorenzo"]
[Black "Ventura Bolet, Maxim"]
[Result "1/2-1/2"]
[WhiteElo "2121"]
[BlackElo "2274"]
[PlyCount "52"]
[EventDate "2022.10.27"]
[EventType "swiss"]
[EventRounds "9"]
[EventCountry "ESP"]
[SourceTitle "EXT 2024"]
[Source "ChessBase"]
[SourceDate "2023.10.10"]
[SourceVersion "1"]
[SourceVersionDate "2023.10.10"]
[SourceQuality "1"]

1. e4 c5 2. Nf3 e6 3. d4 cxd4 4. Nxd4 a6 5. c4 Nf6 6. Nc3 Qc7 7. a3 b6 8. Be3 Bb7 9. f3 Be7 10. Be2 0-0 11. 0-0 d6 12. Rc1 Nbd7 13. b4 Rac8 14. Qd2 Qb8 15. Rc2 Rfe8 16. Rb1 Ne5 17. Na4 Nfd7 18. f4 Bxe4 19. fxe5 Nxe5 20. Rbc1 Bxc2 21. Rxc2 Bd8 22. h3 h6 23. Nb2 Bf6 24. Na4 Bd8 25. Nb2 Bf6 26. Na4 Bd8 1/2-1/2

[Event "Malaga op 16th"]
[Site "Malaga"]
[Date "2022.10.28"]
[Round "2"]
[White "Sumets, Andrey"]
[Black "Perea Fruet, Lorenzo"]
[Result "1-0"]
[WhiteElo "2493"]
[BlackElo "2121"]
[PlyCount "107"]
[EventDate "2022.10.27"]
[EventType "swiss"]
[EventRounds "9"]
[EventCountry "ESP"]
[SourceTitle "EXT 2024"]
[Source "ChessBase"]
[SourceDate "2023.10.10"]
[SourceVersion "1"]
[SourceVersionDate "2023.10.10"]
[SourceQuality "1"]

1. d4 d5 2. c4 e6 3. Nf3 a6 4. Bg5 Be7 5. Bxe7 Qxe7 6. Nbd2 Nf6 7. Qc2 0-0 8. e3 Nbd7 9. cxd5 Nxd5 10. Rc1 e5 11. Bc4 N5f6 12. 0-0 b6 13. Be2 c5 14. dxc5 Nxc5 15. Nc4 Ncd7 16. Rfd1 Bb7 17. Nd6 Bd5 18. Nf5 Qe8 19. Ng5 g6 20. Bc4 Bxc4 21. Nd6 Qe7 22. Qxc4 h6 23. Nge4 Nxe4 24. Qxe4 Nf6 25. Qc6 b5 26. Rd2 Qe6 27. a4 bxa4 28. Qxa4 Ne8 29. Ne4 Rc8 30. Nc5 Qc6 31. Qd1 Ng7 32. Rc3 Rfe8 33. Nd7 Qe6 34. Rd6 Qa2 35. Nf6+ Kf8 36. Nh7+ Kg8 37. Nf6+ Kf8 38. Nxe8 Rxc3 39. bxc3 Nxe8 40. Rd8 Qe6 41. Qa4 e4 42. h3 h5 43. c4 h4 44. c5 Qe5 45. Qd4 Qxd4 46. Rxd4 f5 47. Rd7 Nf6 48. Rd6 Ke7 49. Rxa6 g5 50. Rd6 Nd7 51. Rd5 Ke6 52. c6 Nb6 53. Rd8 Nd5 54. Rxd5 1-0

[Event "Spilimbergo op 20th"]
[Site "Spilimbergo"]
[Date "2022.08.09"]
[Round "1"]
[White "Ghosh, Diptayan"]
[Black "Perea Fruet, Lorenzo"]
[Result "1-0"]
[WhiteElo "2538"]
[BlackElo "2193"]
[PlyCount "85"]
[EventDate "2022.08.09"]
[EventType "swiss"]
[EventRounds "9"]
[EventCountry "ITA"]
[SourceTitle "CBM 209 Extra"]
[Source "ChessBase"]
[SourceDate "2022.09.30"]
[SourceVersion "1"]
[SourceVersionDate "2022.09.30"]
[SourceQuality "1"]

1. d4 Nf6 2. Nf3 d6 3. g3 g6 4. Bg2 Bg7 5. 0-0 0-0 6. c4 Bf5 7. Nc3 Ne4 8. Nd5 c5 9. Ng5 Nxg5 10. Bxg5 Nc6 11. dxc5 h6 12. Be3 dxc5 13. Bxc5 Bxb2 14. e4 Bxa1 15. exf5 Bf6 16. Nxf6+ exf6 17. Qb1 Ne5 18. Bxf8 Qxf8 19. fxg6 fxg6 20. Qxb7 Rc8 21. Qxa7 Nxc4 22. a4 Qd6 23. Qb7 Rd8 24. Qb3 Qd3 25. Qxd3 Rxd3 26. Ra1 Nd2 27. Rd1 Nf3+ 28. Bxf3 Rxf3 29. Ra1 Rb3 30. a5 Rb7 31. a6 Ra7 32. Kg2 Kf7 33. Kf3 Ke6 34. h4 h5 35. Kf4 Kd5 36. f3 Kc4 37. g4 hxg4 38. fxg4 Kb5 39. h5 gxh5 40. gxh5 Kb6 41. h6 Ra8 42. a7 Kb7 43. Kf5 1-0